| 000 | 00543nam a2200181 i 4500 | ||
|---|---|---|---|
| 001 | 85838 | ||
| 003 | ES-MaACL | ||
| 005 | 20230906175323.0 | ||
| 007 | t| | ||
| 008 | 041202s1962 sp ||||1| spa d | ||
| 080 | _a82-312.4"19" | ||
| 100 | 1 |
_aKeeler, Harry Stephen. _967708 |
|
| 245 | 1 | 3 |
_aLa botella del sello de lacre verde / _cpor Harry Stephen Keeler ; traducción de Fernando Noriega Olea. |
| 260 |
_aMadrid : _bReus, _c1962. |
||
| 300 |
_a382 p. ; _c21 cm. |
||
| 700 | 1 |
_aNoriega Olea, Fernando. _985986 |
|
| 852 |
_aES-MaACL _jC-23018 |
||
| 999 |
_c85838 _d85838 |
||